[Event "34th Chess Olympiad (women)"]
[Site "Istanbul"]
[Date "2000.10.31"]
[Round "4.10.3"]
[White "Gara, Anita"]
[Black "Piarnpuu, Leili"]
[WhiteElo "2291"]
[BlackElo "2227"]
[WhiteCountry "HUN"]
[BlackCountry "EST"]
[Result "1/2-1/2"]

1. e4 e5 2. Nf3 Nc6 3. Bb5 a6 4. Ba4 Nf6 5. O-O Be7 6. Re1 b5 7. Bb3 O-O 
8. c3 d6 9. h3 a5 10. a4 b4 11. d4 bxc3 12. bxc3 exd4 13. cxd4 d5 14. e5 Ne4 
15. Bb2 Nb4 16. Nc3 Bf5 17. Rc1 Nxf2 18. Kxf2 Nd3+ 19. Kg1 Nxb2 20. Qd2 Nd3 
21. Nxd5 Nxe1 22. Qxe1 Be6 23. Nxe7+ Qxe7 24. d5 Rab8 25. Qe3 Qa3 26. Rc3 Rxb3 
27. Rxb3 Qa1+ 28. Qe1 Qxe1+ 29. Nxe1 Bxd5 30. Rb5 c6 31. Rxa5 Rb8 32. Nd3 Kf8 
33. Ra7 Rb3 34. Ra8+ Ke7 35. Ra7+ Ke8 36. Ra8+ Ke7 37. Ra7+ Ke8 38. Ra8+ 
1/2-1/2

[Event "34th Chess Olympiad (women)"]
[Site "Istanbul"]
[Date "2000.10.31"]
[Round "4.11.1"]
[White "Cmilyte, Viktorija"]
[Black "Pitam, Ela"]
[WhiteElo "2335"]
[BlackElo "2323"]
[WhiteCountry "LTU"]
[BlackCountry "ISR"]
[Result "1-0"]

1. d4 d5 2. c4 e6 3. Nf3 c6 4. e3 Nf6 5. Nc3 Nbd7 6. Qc2 b6 7. Be2 Bb7 
8. b3 Be7 9. Bb2 Rc8 10. O-O O-O 11. e4 dxe4 12. Nxe4 c5 13. Nxf6+ Bxf6 
14. Rad1 Bxf3 15. Bxf3 cxd4 16. Bxd4 Bxd4 17. Rxd4 Qe7 18. Rfd1 Nf6 19. Qd2 h6 
20. Rd6 Nd5 21. Rxd5 exd5 22. Bxd5 Rfe8 23. g3 Qf6 24. Kg2 Re5 25. Bf3 Rce8 
26. Qd4 Qg6 27. Rd3 Re1 28. Bd5 R8e7 29. Rf3 Kh7 30. Qf4 Kg8 31. Qb8+ Kh7 
32. Qf8 Re8 33. Bxf7 Qd3 34. Qg8+ Rxg8 35. Bxg8+ Kxg8 36. Rxd3 Re2 37. a4 Rb2 
38. Kf3 Kh7 39. Ke3 h5 40. h4 Kg6 41. f3 Kf6 42. Kf4 Rb1 43. Ke4 Ke6 
44. Kf4 Kf6 45. g4 hxg4 46. fxg4 Rf1+ 47. Rf3 Rd1 48. g5+ Kg6 49. Kg4 Rg1+ 
50. Rg3 Rh1 51. Rg2 a5 52. Rg3 Rh2 53. Rg1 
1-0

[Event "34th Chess Olympiad (women)"]
[Site "Istanbul"]
[Date "2000.10.31"]
[Round "4.11.2"]
[White "Borsuk, Angela"]
[Black "Domarkaite, Laima"]
[WhiteElo "2303"]
[BlackElo "2187"]
[WhiteCountry "ISR"]
[BlackCountry "LTU"]
[Result "1-0"]

1. d4 Nf6 2. c4 e6 3. Nc3 Bb4 4. e3 O-O 5. Bd3 d5 6. Ne2 b6 7. cxd5 exd5 
8. a3 Bd6 9. b4 c6 10. Ng3 Re8 11. Qc2 Nbd7 12. O-O Nf8 13. f3 Bb7 14. Nf5 Bc7 
15. Ne2 Rc8 16. Qb1 Bb8 17. e4 Ne6 18. e5 Nd7 19. f4 Ndf8 20. Rf3 Qd7 
21. Rh3 g6 22. Nh6+ Kh8 23. f5 Ng7 24. Nf4 c5 25. bxc5 bxc5 26. fxg6 Re7 
27. Nxf7+ Rxf7 28. gxf7 Qg4 29. Bd2 h5 30. Qxb7 cxd4 31. Rg3 
1-0

[Event "34th Chess Olympiad (women)"]
[Site "Istanbul"]
[Date "2000.10.31"]
[Round "4.11.3"]
[White "Batyte, Daiva"]
[Black "Tsifanskaya, Ludmila A"]
[WhiteElo "2164"]
[BlackElo "2220"]
[WhiteCountry "LTU"]
[BlackCountry "ISR"]
[Result "0-1"]

1. e4 c5 2. Nf3 Nc6 3. d4 cxd4 4. Nxd4 Qb6 5. Nb3 Nf6 6. Nc3 e6 7. Be3 Qc7 
8. a3 a6 9. f4 d6 10. Be2 b5 11. Bf3 Bb7 12. O-O Be7 13. Qe1 O-O 14. g4 b4 
15. axb4 Nxb4 16. Qf2 d5 17. e5 Ne4 18. Bxe4 dxe4 19. Bb6 Qc8 20. Rae1 e3 
21. Rxe3 Qc6 22. Re4 a5 23. Bc5 Nd5 24. Nxd5 exd5 25. Bxe7 dxe4 26. Nd4 e3 
27. Nxc6 exf2+ 28. Kxf2 Rfe8 29. Nxa5 Rxe7 30. b4 f6 31. exf6 gxf6 32. Rd1 Rae8 
33. Rd2 Bc8 34. c4 Bxg4 35. b5 Re2+ 36. Rxe2 Rxe2+ 37. Kg3 Bc8 38. c5 Ra2 
39. Nc4 Rc2 40. Nd6 Rxc5 41. b6 Rc3+ 42. Kf2 Ba6 
0-1

[Event "34th Chess Olympiad (women)"]
[Site "Istanbul"]
[Date "2000.10.31"]
[Round "4.12.1"]
[White "Berezina, Irina"]
[Black "Lagvilava, Genrieta"]
[WhiteElo "2304"]
[BlackElo "2318"]
[WhiteCountry "AUS"]
[BlackCountry "BLR"]
[Result "0-1"]

1. Nf3 f5 2. d4 Nf6 3. g3 g6 4. Bg2 Bg7 5. c3 O-O 6. O-O e6 7. Qb3 Nc6 
8. a4 Kh8 9. Bg5 h6 10. Bxf6 Qxf6 11. Nbd2 d6 12. e4 f4 13. Bh3 b6 14. d5 Na5 
15. Qc2 e5 16. Bxc8 Raxc8 17. g4 Nb7 18. b4 c6 19. Rac1 Rc7 20. Rfd1 Qe7 
21. h3 Rfc8 22. Qd3 c5 23. b5 c4 24. Qf1 Na5 25. Rb1 Nb3 26. Ne1 Bf6 
27. Qg2 Bg5 28. Qf3 Nc5 29. Ra1 Bh4 30. Qe2 Nd3 31. Nxd3 cxd3 32. Qxd3 Rc5 
33. c4 Rxc4 34. Qe2 Rc3 35. Qf1 Qc7 36. Ra2 Qc5 37. Kg2 Rc2 38. Rxc2 Qxc2 
39. Qe1 Rc3 40. Ra1 Qd3 41. Qd1 Qxh3+ 42. Kg1 f3 43. Qf1 Qxg4+ 44. Kh1 Bg5 
0-1

[Event "34th Chess Olympiad (women)"]
[Site "Istanbul"]
[Date "2000.10.31"]
[Round "4.12.2"]
[White "Popova, Natalija"]
[Black "Dekic, Biljana N"]
[WhiteElo "2297"]
[BlackElo "2104"]
[WhiteCountry "BLR"]
[BlackCountry "AUS"]
[Result "1/2-1/2"]

1. d4 Nf6 2. Bg5 g6 3. Bxf6 exf6 4. g3 d5 5. Bg2 c6 6. e3 Qb6 7. Qc1 Na6 
8. Nd2 Bf5 9. a3 Bg7 10. Ne2 O-O 11. O-O Rfe8 12. Nc3 Qd8 13. b4 Nc7 
14. Rb1 Qd7 15. Re1 Bf8 16. Nb3 b6 17. e4 Bxe4 18. Nxe4 dxe4 19. Bxe4 f5 
20. Bg2 Rxe1+ 21. Qxe1 Re8 22. Qf1 Nb5 23. Ra1 Nc3 24. Qd3 Nd5 25. Nd2 Bg7 
26. Rd1 f4 27. c4 Nc7 28. Nb3 fxg3 29. hxg3 Rd8 30. Qe4 Ne6 31. d5 c5 
32. bxc5 Nxc5 33. Nxc5 bxc5 34. Re1 Qd6 35. Qe7 Bd4 36. Kf1 Qf6 37. Qxf6 Bxf6 
38. Rb1 Rd6 39. Rb8+ Kg7 40. Rc8 Bd4 41. Rc6 Rxc6 42. dxc6 Be5 43. Ke2 f5 
44. Kd3 a6 45. Bd5 Bc7 46. Bg2 
1/2-1/2

[Event "34th Chess Olympiad (women)"]
[Site "Istanbul"]
[Date "2000.10.31"]
[Round "4.12.3"]
[White "Moylan, Laura"]
[Black "Zagorskaya, Tatiana"]
[WhiteElo "2076"]
[BlackElo "2125"]
[WhiteCountry "AUS"]
[BlackCountry "BLR"]
[Result "1/2-1/2"]

1. e4 c5 2. Nf3 Nc6 3. d4 cxd4 4. Nxd4 Nf6 5. Nc3 e5 6. Ndb5 d6 7. a4 a6 
8. Na3 Rb8 9. Bc4 Be7 10. O-O O-O 11. Kh1 Nd4 12. Be3 Ne6 13. f3 Nf4 14. g3 Ne6 
15. Nd5 Nxd5 16. exd5 Nc5 17. Nb1 b5 18. axb5 axb5 19. Be2 Qc7 20. b4 Na4 
21. Bxb5 Rxb5 22. Rxa4 Bb7 23. c4 Qxc4 24. Na3 Rxd5 25. Nxc4 Rxd1 
26. Rxd1 Bxf3+ 27. Kg1 Bxd1 28. Ra7 Be2 29. Nxe5 dxe5 30. Rxe7 f6 31. Kf2 Bd3 
32. Rb7 Be4 33. Rc7 Rb8 34. Bc5 Rb7 35. Rxb7 Bxb7 36. h4 Bc6 37. Ke3 Kf7 
38. Bd6 Ke6 39. Bf8 g6 40. Bc5 Kf5 41. Bd6 h5 42. Bc7 g5 43. hxg5 fxg5 
44. Bd8 Kg4 45. Kf2 h4 46. gxh4 gxh4 47. Bf6 e4 48. Be5 Kf5 49. Bc7 Bb5 
50. Bd8 Kg4 51. Bc7 h3 52. Ke3 Kf5 53. Bh2 Bc6 54. Bg3 Ke6 55. b5 Bb7 
56. b6 Kd5 57. Bh2 Kc4 58. Bg1 Kc3 59. Kf4 Kd3 60. Kg3 Bc8 
1/2-1/2

[Event "34th Chess Olympiad (women)"]
[Site "Istanbul"]
[Date "2000.10.31"]
[Round "4.13.1"]
[White "Pokorna, Regina"]
[Black "Khegai, Angela"]
[WhiteElo "2363"]
[BlackElo "2234"]
[WhiteCountry "SVK"]
[BlackCountry "UZB"]
[Result "1/2-1/2"]

1. e4 c5 2. Nf3 d6 3. d4 cxd4 4. Nxd4 Nf6 5. Nc3 a6 6. Bc4 e6 7. Bb3 Be7 
8. O-O O-O 9. f4 Nc6 10. Be3 Bd7 11. f5 Nxd4 12. Bxd4 e5 13. Be3 Bc6 
14. Bg5 Nxe4 15. Bxe7 Qxe7 16. Nxe4 Bxe4 17. Qg4 d5 18. f6 Qc5+ 19. Kh1 Bg6 
20. h4 h5 21. Qg5 Rfe8 22. c3 Re6 23. Rad1 Rd8 24. fxg7 Qe7 25. Bxd5 Qxg5 
26. hxg5 Red6 27. c4 b5 28. Rde1 bxc4 29. Bxc4 e4 30. Rf6 Kxg7 31. Rxd6 Rxd6 
32. Kg1 a5 33. Kf2 Rc6 34. Bd5 Rc5 35. Bxe4 Bxe4 36. Rxe4 Rxg5 37. b4 axb4 
38. Rxb4 Ra5 39. a4 Kg6 40. g3 f6 
1/2-1/2

[Event "34th Chess Olympiad (women)"]
[Site "Istanbul"]
[Date "2000.10.31"]
[Round "4.13.2"]
[White "Khamrakulova, Iroda"]
[Black "Hagarova, Zuzana"]
[WhiteElo "2177"]
[BlackElo "2321"]
[WhiteCountry "UZB"]
[BlackCountry "SVK"]
[Result "1/2-1/2"]

1. e4 c5 2. Nf3 Nc6 3. d4 cxd4 4. Nxd4 g6 5. Nc3 Bg7 6. Be3 Nf6 7. Nxc6 bxc6 
8. e5 Nd5 9. Nxd5 cxd5 10. Qxd5 Rb8 11. Bc4 e6 12. Qc5 Bb7 13. O-O Rc8 
14. Qb4 Qc7 15. Bg5 Bf8 16. Qb3 Bxg2 17. Kxg2 Qxc4 18. Qxc4 Rxc4 19. Bf6 Rg8 
20. c3 Be7 21. b3 Rc5 22. Rad1 Bxf6 23. exf6 Kd8 24. Rd6 Rxc3 25. Rfd1 Rc7 
26. b4 Kc8 27. a4 Rd8 28. b5 Rc5 29. R1d4 Kc7 30. Ra6 Kb7 31. Rad6 Kc7 
32. Ra6 Kb7 33. Rad6 
1/2-1/2

[Event "34th Chess Olympiad (women)"]
[Site "Istanbul"]
[Date "2000.10.31"]
[Round "4.13.3"]
[White "Chorvatova, Elena"]
[Black "Levushkina, E"]
[WhiteElo "2077"]
[BlackElo "2103"]
[WhiteCountry "SVK"]
[BlackCountry "UZB"]
[Result "1/2-1/2"]

1. e4 e5 2. Nf3 Nc6 3. d4 exd4 4. Nxd4 Bc5 5. Be3 Qf6 6. c3 Nge7 7. g3 d5 
8. Bg2 Nxd4 9. cxd4 Bb4+ 10. Nc3 Bxc3+ 11. bxc3 dxe4 12. Bxe4 c6 13. O-O O-O 
14. Qb3 Rd8 15. a4 Bh3 16. Rfe1 Rd7 17. a5 Rad8 18. Rab1 Bf5 19. Qc2 Bxe4 
20. Qxe4 h6 21. Bf4 Nd5 22. Bd2 Re7 23. Qg4 Rxe1+ 24. Rxe1 b6 25. axb6 axb6 
26. Re5 b5 27. Rh5 Qg6 28. Qxg6 fxg6 29. Re5 Kf7 30. Kf1 Re8 
1/2-1/2

[Event "34th Chess Olympiad (women)"]
[Site "Istanbul"]
[Date "2000.10.31"]
[Round "4.14.1"]
[White "Moser, Eva"]
[Black "Calzetta, Monica"]
[WhiteElo "2332"]
[BlackElo "2282"]
[WhiteCountry "AUT"]
[BlackCountry "ESP"]
[Result "1/2-1/2"]

1. g3 e5 2. Bg2 d5 3. d3 Nf6 4. Nf3 Nc6 5. O-O Be7 6. c3 a5 7. Qc2 O-O 8. e4
dxe4 9. dxe4 Be6 10. Nbd2 Nd7 11. Rd1 Bc5 12. Nf1 Qe7 13. Ne3 Bxe3 14. Bxe3 f6
15. Qe2 a4 16. Nd2 Rfd8 17. f4 Nc5 18. f5 Bf7 19. Nc4 Kh8 20. Bf2 Rxd1+ 21.
Rxd1 b6 22. a3 Rd8 23. Rxd8+ Nxd8 24. Ne3 Qd7 25. Nd5 Ndb7 26. g4 h6 27. h4 Kg8
28. Kh2 Qd6 29. Bg3 c6 30. Nxb6 Qd8 31. Nc4 Qd3 32. Qxd3 Nxd3 33. Nb6 Nxb2 34.
Kg1 Na5 35. Bf2 Bb3 36. Bf3 Bc2 37. Bc5 Nb3 38. Be3 Na5 39. Kf2 Kf7 40. g5 hxg5
41. hxg5 Ke8 42. g6 Nac4 43. Nxc4 Nxc4 44. Bc5 Nd2 45. Ke3 Nf1+ 46. Ke2 Ng3+
47. Ke3 Nf1+ 1/2-1/2

[Event "34th Chess Olympiad (women)"]
[Site "Istanbul"]
[Date "2000.10.31"]
[Round "4.14.2"]
[White "Hernandez, Yudania"]
[Black "Mira, Helene"]
[WhiteElo "2322"]
[BlackElo "2118"]
[WhiteCountry "ESP"]
[BlackCountry "AUT"]
[Result "1-0"]

1. e4 c5 2. Nf3 d6 3. d4 cxd4 4. Nxd4 Nf6 5. Nc3 Nc6 6. Be2 e5 7. Nf3 h6 8. O-O
Be6 9. Re1 a6 10. Bf1 Be7 11. Nd5 Bxd5 12. exd5 Nb8 13. c4 Nbd7 14. h3 O-O 15.
Be3 a5 16. b3 Qc7 17. a3 b6 18. Rc1 Qa7 19. Nh4 Rfe8 20. Nf5 Bf8 21. Bd3 Nc5
22. Bb1 Qd7 23. Ng3 g6 24. b4 axb4 25. axb4 Na4 26. Qd2 Kh7 27. Red1 Qc7 28. h4
Ng4 29. h5 Nxe3 30. fxe3 Kg7 31. hxg6 fxg6 32. Qc2 e4 33. Nxe4 Re5 34. Rf1 Kh8
35. Rf6 Bg7 36. Rxg6 b5 37. c5 dxc5 38. Rc6 Qe7 39. d6 Qe6 40. Ng5 1-0

[Event "34th Chess Olympiad (women)"]
[Site "Istanbul"]
[Date "2000.10.31"]
[Round "4.14.3"]
[White "Sommer, Sonja"]
[Black "Nieves, Garcia"]
[WhiteElo "2054"]
[BlackElo "2000"]
[WhiteCountry "AUT"]
[BlackCountry "ESP"]
[Result "0-1"]

1. e4 e5 2. Nf3 Nc6 3. d4 exd4 4. Nxd4 Nf6 5. Nxc6 bxc6 6. e5 Qe7 7. Qe2 Nd5 8.
c4 Nb6 9. b3 g6 10. Bb2 Bg7 11. g3 O-O 12. Bg2 Re8 13. f4 f6 14. O-O fxe5 15.
Re1 exf4 16. Qxe7 Rxe7 17. Nc3 Rxe1+ 18. Rxe1 Bd4+ 19. Kh1 fxg3 20. hxg3 Bb7
21. Rd1 Bg7 22. Rd3 Re8 23. Kg1 Ba6 24. Rf3 d5 25. Bf1 Bb7 26. c5 Bd4+ 27. Kh2
Bxc5 28. Ne2 Rf8 29. Rxf8+ Kxf8 30. Nf4 Bd6 31. Ne6+ Ke7 32. Ng5 h6 33. Nf3 Nd7
34. Nh4 Kf7 35. Bd3 Nf8 36. Bc1 Be7 37. Bxh6 Bxh4 38. gxh4 Ne6 39. Kg3 c5 40.
Kg4 Bc8 41. Kg3 Nd4 42. Kf4 Bf5 43. Bxf5 Nxf5 44. Bg5 Ke6 45. Bd8 d4 46. Ke4
Nd6+ 47. Kf4 c6 48. Ba5 c4 49. bxc4 Nxc4 0-1

[Event "34th Chess Olympiad (women)"]
[Site "Istanbul"]
[Date "2000.10.31"]
[Round "4.15.1"]
[White "Medic, Mirjana"]
[Black "Sabirova, S"]
[WhiteElo "2294"]
[BlackElo "2131"]
[WhiteCountry "CRO"]
[BlackCountry "KGZ"]
[Result "0-1"]

1. d4 d5 2. c4 c6 3. e3 e6 4. Nc3 f5 5. Qh5+ g6 6. Qd1 Bd6 7. Bd3 Nf6 
8. Nf3 Nbd7 9. Qc2 Ne4 10. a3 O-O 11. b4 b6 12. Bb2 Bb7 13. Ne2 Qf6 14. c5 Bc7 
15. b5 bxc5 16. dxc5 Ba5+ 17. Kf1 e5 18. Qa4 Ndxc5 19. Qxa5 Nxd3 20. Rb1 Nxb2 
21. Rxb2 c5 22. Qc7 Nd6 23. Qxc5 Nc4 24. Ra2 g5 25. Nd2 Nxd2+ 26. Rxd2 Rfc8 
27. Qb4 Rc4 28. Qb2 Rac8 29. f4 gxf4 30. exf4 d4 31. fxe5 Qxe5 32. Qb3 Kh8 
33. Qd3 Be4 34. Qg3 f4 35. Qe1 d3 
0-1

[Event "34th Chess Olympiad (women)"]
[Site "Istanbul"]
[Date "2000.10.31"]
[Round "4.15.2"]
[White "Korsakova, Tatiana"]
[Black "Macek, Vlasta"]
[WhiteElo "2035"]
[BlackElo "2277"]
[WhiteCountry "KGZ"]
[BlackCountry "CRO"]
[Result "1/2-1/2"]

1. d4 d5 2. c4 c6 3. cxd5 cxd5 4. Nc3 Nf6 5. Nf3 e6 6. a3 Be7 7. Bf4 a6 
8. e3 O-O 9. Bd3 b5 10. O-O Bb7 11. Ne5 Nbd7 12. Nxd7 Qxd7 13. b4 Rfc8 
14. Qb3 Ne4 15. Nxe4 dxe4 16. Be2 Bd5 17. Qb2 Rc6 18. Rfc1 Rac8 19. f3 f5 
20. Kf2 Qb7 21. Be5 Bh4+ 22. Bg3 Be7 23. Be5 Bh4+ 
1/2-1/2

[Event "34th Chess Olympiad (women)"]
[Site "Istanbul"]
[Date "2000.10.31"]
[Round "4.15.3"]
[White "Bazaj-Bockai, Snjezana"]
[Black "Lim, Greta"]
[WhiteElo "2162"]
[BlackElo "2000"]
[WhiteCountry "CRO"]
[BlackCountry "KGZ"]
[Result "1-0"]

1. e4 c5 2. Nf3 Nc6 3. d4 cxd4 4. Nxd4 Qc7 5. Nc3 e6 6. Be2 Nf6 7. O-O a6 
8. Be3 b5 9. Nxc6 dxc6 10. a3 Bb7 11. f4 c5 12. e5 Nd5 13. Nxd5 exd5 
14. Bf3 Rd8 15. Qe1 h5 16. Rd1 d4 17. Bc1 Bc8 18. Qe4 g6 19. Rde1 Bf5 
20. Qc6+ Qxc6 21. Bxc6+ Ke7 22. Be4 Bxe4 23. Rxe4 Bh6 24. Bd2 Rd5 25. Ba5 Ke6 
26. g3 Rc8 27. h3 Kf5 28. Rfe1 Rc6 29. Kg2 Bf8 30. Bd2 b4 31. Kf3 bxa3 
32. bxa3 c4 33. g4+ hxg4+ 34. hxg4+ Ke6 35. f5+ gxf5 36. gxf5+ Kd7 37. e6+ Ke8 
38. Kg4 Bxa3 39. Rh1 fxe6 40. fxe6 c3 41. Rh8+ Ke7 42. Bg5+ Rxg5+ 43. Kxg5 Rxe6 
44. Re8+ Kxe8 45. Rxe6+ Be7+ 46. Kf5 a5 47. Ke4 Kd7 48. Ra6 Bc5 49. Kd3 Kc7 
50. Rxa5 Kb6 51. Ra1 Kb5 52. Rb1+ Kc6 53. Kc4 Bb6 54. Rh1 Kd7 55. Rh7+ Kc8 
56. Rf7 Kd8 57. Rb7 
1-0

[Event "34th Chess Olympiad (women)"]
[Site "Istanbul"]
[Date "2000.10.31"]
[Round "4.16.1"]
[White "Ratcu, Tatiana"]
[Black "Vovk, Oksana"]
[WhiteElo "2240"]
[BlackElo "2093"]
[WhiteCountry "BRA"]
[BlackCountry "DEN"]
[Result "1/2-1/2"]

1. e4 e6 2. d4 d5 3. Nd2 c5 4. exd5 exd5 5. Ngf3 Nc6 6. Bb5 Bd6 7. dxc5 Bxc5 
8. O-O Ne7 9. c3 O-O 10. Nb3 Bd6 11. Bg5 Bg4 12. Bh4 Qc7 13. Bg3 Bxg3 
14. hxg3 Qb6 15. Be2 Nf5 16. Nfd4 Bxe2 17. Nxe2 Rad8 18. Qd3 g6 19. Rad1 Rfe8 
20. Rfe1 Ne5 21. Qc2 Nc4 22. Ned4 Nxd4 23. Rxe8+ Rxe8 24. Rxd4 Re1+ 25. Kh2 g5 
26. Qf5 Qh6+ 27. Qh3 Qxh3+ 28. Kxh3 Ne5 29. g4 Ng6 30. g3 Re2 
1/2-1/2

[Event "34th Chess Olympiad (women)"]
[Site "Istanbul"]
[Date "2000.10.31"]
[Round "4.16.2"]
[White "Peicheva-Hansen, Evgenia"]
[Black "Delai, Paula"]
[WhiteElo "2162"]
[BlackElo "2110"]
[WhiteCountry "DEN"]
[BlackCountry "BRA"]
[Result "1/2-1/2"]

1. Nf3 f5 2. b3 Nf6 3. Bb2 e6 4. c4 b6 5. g3 Bb7 6. Bg2 Be7 7. d3 O-O 8. O-O c5 
9. Nbd2 d5 10. Ne5 Nc6 11. cxd5 Nxe5 12. Bxe5 exd5 13. d4 Ng4 14. Nf3 Nxe5 
15. Nxe5 Bf6 16. e3 Qe7 17. f4 Rfd8 18. Qd2 Rac8 19. Rfc1 g6 20. Kf2 Rc7 
21. Bh3 Qd6 22. Bf1 
1/2-1/2

[Event "34th Chess Olympiad (women)"]
[Site "Istanbul"]
[Date "2000.10.31"]
[Round "4.16.3"]
[White "Ribeiro, Regina"]
[Black "Steffensen, Elena"]
[WhiteElo "2104"]
[BlackElo "2068"]
[WhiteCountry "BRA"]
[BlackCountry "DEN"]
[Result "1/2-1/2"]

1. c4 Nf6 2. Nc3 c6 3. d4 d5 4. cxd5 cxd5 5. Bf4 e6 6. Nf3 Nc6 7. e3 a6 
8. Bd3 Be7 9. O-O O-O 10. Rc1 h6 11. h3 Bd6 12. Ne5 Qe7 13. Bb1 Bd7 14. a3 Rac8 
15. Qd3 Rfe8 16. g4 Kf8 17. Bg3 Bb8 18. f4 Nxe5 19. fxe5 Ne4 20. Nxe4 Bb5 
21. Qd2 dxe4 22. Bxe4 Bxf1 23. Rxf1 Kg8 24. h4 Rc7 25. Bb1 Rec8 26. Qd3 g6 
27. Rf6 Rc1+ 28. Kf2 Qc7 29. h5 Rxb1 30. Qxb1 Qc2+ 31. Qxc2 Rxc2+ 32. Kf3 g5 
33. d5 exd5 34. Rb6 Bc7 35. Rxb7 Kf8 36. e6 Bxg3 37. Rxf7+ Ke8 38. Kxg3 Rxb2 
39. Rh7 Rb3 40. Kf2 Rxa3 41. Rxh6 Ra4 42. Kf3 Ra3 43. Ke2 Ra4 44. Kf3 Ra3 
45. Ke2 Ra4 46. Kf3 
1/2-1/2

[Event "34th Chess Olympiad (women)"]
[Site "Istanbul"]
[Date "2000.10.31"]
[Round "4.17.1"]
[White "Geldyeva, Mexnri"]
[Black "Kachiani-Gersinska, Ketino"]
[WhiteElo "2283"]
[BlackElo "2448"]
[WhiteCountry "TKM"]
[BlackCountry "GER"]
[Result "1/2-1/2"]

1. d4 Nf6 2. c4 g6 3. Nc3 Bg7 4. e4 d6 5. h3 O-O 6. Bg5 c6 7. Qd2 e5 8. d5 Na6 
9. Bd3 Nc5 10. Bc2 a5 11. Nge2 Bd7 12. Ng3 cxd5 13. Nxd5 Ne6 14. Nxf6+ Bxf6 
15. Bxf6 Qxf6 16. Qxd6 Rfd8 17. Qb6 Qe7 18. Qb3 b5 19. Ne2 bxc4 20. Qc3 Qc5 
21. Rd1 Bc6 22. O-O Nd4 23. Rfe1 Bxe4 24. Ba4 Bc6 25. Bc2 a4 26. Nc1 a3 
27. b3 Qd5 28. Be4 Ne2+ 29. Nxe2 Qxe4 30. f3 Qh4 31. bxc4 e4 32. f4 Rd3 
33. Rxd3 exd3 34. Nd4 Bb7 35. Re3 Qxf4 36. Rxd3 Rc8 37. Nb5 Qg5 38. Rg3 Qc5+ 
39. Re3 Qc6 40. Qd2 Qxc4 41. Nd6 Qd5 42. Rd3 Rc1+ 43. Kh2 Qe5+ 44. Rg3 Qc5 
45. Re3 Bc6 46. Nf5 h5 47. Ne7+ Kg7 48. Nxc6 Qxc6 49. Qd4+ Qf6 50. Qxf6+ Kxf6 
51. Kg3 h4+ 52. Kf3 Rf1+ 53. Ke2 Rg1 54. Kf2 Ra1 55. Rxa3 Kg5 56. Ra4 f5 
57. Kf3 Rf1+ 58. Ke2 Rc1 59. Kf3 Rc3+ 60. Kf2 Kh5 61. Ke2 g5 62. Ra5 Kg6 
63. Ra6+ Kf7 64. Kf2 Rc2+ 65. Kf3 Rc4 66. Kf2 Kg7 67. Kf3 Rc3+ 68. Kf2 Rc5 
69. Kf3 Kf7 70. Kf2 Rc4 71. Ke2 Rf4 72. Ke3 Kg7 73. Ra7+ Kg6 74. Ra6+ Kh5 
75. Ra8 Rc4 76. Rh8+ Kg6 77. Rg8+ Kf6 78. Rf8+ Kg6 79. Rg8+ Kh6 80. Rh8+ Kg7 
81. Ra8 Rc6 82. Kf3 Kf7 83. Ke3 Kf6 84. Rf8+ Ke6 85. Re8+ Kf7 86. Ra8 Rb6 
87. Kf3 Re6 88. Kf2 Kf6 89. Ra5 Rc6 90. Ke3 Kg6 91. Kf3 Rc1 92. Kf2 Rc2+ 
93. Kf3 Rc6 94. Ra8 Rd6 95. Rg8+ Kf6 96. Rf8+ Ke6 97. Re8+ Kf7 98. Ra8 Rd3+ 
99. Kf2 Kg6 100. Rg8+ Kf6 101. Ra8 Rd5 102. Kf3 Rc5 103. Rf8+ Ke5 104. Re8+ Kd6 
105. Rd8+ Ke7 106. Ra8 Kd6 107. Rd8+ Kc7 108. Rg8 Rc3+ 109. Kf2 Rg3 110. Rf8 f4 
111. Ra8 f3 112. gxf3 Rxh3 113. Ra5 Rh2+ 114. Kg1 Rh3 115. Rxg5 Rxf3 
1/2-1/2

[Event "34th Chess Olympiad (women)"]
[Site "Istanbul"]
[Date "2000.10.31"]
[Round "4.17.2"]
[White "Paehtz, Elisabeth"]
[Black "Atbashieva, Guldjahan"]
[WhiteElo "2343"]
[BlackElo "2243"]
[WhiteCountry "GER"]
[BlackCountry "TKM"]
[Result "1-0"]

1. e4 g6 2. d4 Bg7 3. Nc3 d6 4. Be3 c6 5. Qd2 Nd7 6. Nf3 Ngf6 7. Bh6 O-O 
8. Bxg7 Kxg7 9. O-O-O Qa5 10. Kb1 e5 11. h4 h5 12. Ng5 b5 13. f4 b4 14. Ne2 c5 
15. dxe5 dxe5 16. Nc1 Bb7 17. Qd6 Nxe4 18. Qxd7 Nc3+ 19. bxc3 Bc6 20. Ne6+ Kg8 
21. Qxc6 Rac8 22. Qb5 Qa3 23. Nxf8 a6 24. Qxa6 
1-0

[Event "34th Chess Olympiad (women)"]
[Site "Istanbul"]
[Date "2000.10.31"]
[Round "4.17.3"]
[White "Ovezova, Maisa"]
[Black "Trabert, Bettina"]
[WhiteElo "2174"]
[BlackElo "2259"]
[WhiteCountry "TKM"]
[BlackCountry "GER"]
[Result "1/2-1/2"]

1. c4 c6 2. g3 d5 3. cxd5 cxd5 4. d4 Nf6 5. Bg2 Nc6 6. Nf3 Bf5 7. Qb3 Na5 
8. Qb5+ Bd7 9. Qd3 a6 10. Nc3 e6 11. Ne5 Rc8 12. O-O Be7 13. Nxd7 Qxd7 
14. e4 dxe4 15. Nxe4 Nc6 16. Rd1 Nb4 17. Nxf6+ Bxf6 18. Qe4 Nd5 19. Bf4 O-O 
20. Be5 Be7 21. Bh3 Qb5 22. Rd2 Rc6 23. Bf1 Qa5 24. Bd3 f5 25. Qe2 Rfc8 
26. a3 Nb4 27. Rad1 Nxd3 28. Qxd3 Qd5 29. h4 b5 30. Re2 b4 31. axb4 Bxb4 
32. Bf4 
1/2-1/2

[Event "34th Chess Olympiad (women)"]
[Site "Istanbul"]
[Date "2000.10.31"]
[Round "4.18.1"]
[White "Agrest, Svetlana"]
[Black "Voiska, Margarita"]
[WhiteElo "2210"]
[BlackElo "2330"]
[WhiteCountry "SWE"]
[BlackCountry "BUL"]
[Result "0-1"]

1. e4 c5 2. Nf3 e6 3. d3 Nc6 4. g3 d5 5. Nbd2 g6 6. Bg2 Bg7 7. O-O Nge7 
8. Re1 O-O 9. c3 b6 10. Qe2 a5 11. e5 a4 12. Nf1 h6 13. h4 b5 14. Bf4 Ba6 
15. N1h2 Kh7 16. Qd2 b4 17. a3 bxc3 18. bxc3 Ng8 19. Ng4 Na5 20. Qc2 Qe7 
21. Nd2 Nb3 22. Rab1 Rfb8 23. c4 dxc4 24. Nxc4 Bb7 25. Nd6 Bxg2 26. Kxg2 Qd7 
27. Qe2 Ra6 28. Qe4 Rxd6 29. exd6 f5 30. Ne5 Qxd6 31. Qxa4 Qd5+ 32. Kh3 g5 
33. hxg5 hxg5 34. Nd7 g4+ 35. Kh2 Nd4 36. Nxb8 Nf3+ 37. Kg2 Nxe1+ 38. Kf1 Qxd3+ 
39. Kxe1 Bc3+ 40. Bd2 Bxd2+ 41. Kd1 Bc3+ 
0-1

[Event "34th Chess Olympiad (women)"]
[Site "Istanbul"]
[Date "2000.10.31"]
[Round "4.18.2"]
[White "Aleksieva, Silvia"]
[Black "Johansson, Victoria"]
[WhiteElo "2351"]
[BlackElo "2152"]
[WhiteCountry "BUL"]
[BlackCountry "SWE"]
[Result "1/2-1/2"]

1. e4 c6 2. d4 d5 3. Nd2 dxe4 4. Nxe4 Bf5 5. Ng3 Bg6 6. Nf3 Nd7 7. h4 h6 
8. h5 Bh7 9. Bd3 Bxd3 10. Qxd3 Qc7 11. Bd2 e6 12. Qe2 Ngf6 13. Ne5 c5 
14. Nxd7 Qxd7 15. dxc5 Bxc5 16. Bc3 O-O-O 17. Rh4 Kb8 18. Be5+ Ka8 19. Rc4 Qe7 
20. c3 Rd5 21. Rd1 Rxd1+ 22. Kxd1 Rd8+ 23. Kc2 a6 24. Qf3 Rd5 25. Bxf6 gxf6 
26. Qf4 f5 27. b4 Bd6 28. Qxh6 Be5 29. Qe3 Qd7 30. Kb3 f4 31. Rxf4 Bxf4 
32. Qxf4 Rd1 33. Qc4 Re1 34. Ka3 Qd1 35. Qc8+ Ka7 36. Qc5+ Kb8 37. Qf8+ Ka7 
38. Qc5+ 
1/2-1/2

[Event "34th Chess Olympiad (women)"]
[Site "Istanbul"]
[Date "2000.10.31"]
[Round "4.18.3"]
[White "Andersson, Christin"]
[Black "Djingarova, Emilia"]
[WhiteElo "2096"]
[BlackElo "2263"]
[WhiteCountry "SWE"]
[BlackCountry "BUL"]
[Result "0-1"]

1. e4 c5 2. Nf3 e6 3. c3 d5 4. exd5 Qxd5 5. d4 Nf6 6. Be3 cxd4 7. cxd4 Be7 
8. Nc3 Qd8 9. Bd3 a6 10. O-O b5 11. a3 Bb7 12. Re1 O-O 13. Qe2 Nbd7 
14. Rad1 Nb6 15. Ng5 Nbd5 16. Nge4 Rc8 17. Bg5 g6 18. Bh6 Re8 19. Nxf6+ Nxf6 
20. Ne4 Qxd4 21. Bb1 Qe5 22. f4 Qc7 23. f5 Nxe4 24. fxg6 Bc5+ 25. Kh1 Nf2+ 
26. Qxf2 Bxf2 27. gxh7+ Kh8 28. Bg5 f5 29. Rf1 Qg7 
0-1

[Event "34th Chess Olympiad (women)"]
[Site "Istanbul"]
[Date "2000.10.31"]
[Round "4.19.2"]
[White "Mongontuul, Bathuyang"]
[Black "Delgado, Crespo Mairelys"]
[WhiteElo "2110"]
[BlackElo "2207"]
[WhiteCountry "MGL"]
[BlackCountry "CUB"]
[Result "1-0"]

1. e4 c5 2. Nf3 e6 3. d4 cxd4 4. Nxd4 Nf6 5. Nc3 Nc6 6. Be3 Bb4 7. Bd3 d5 
8. exd5 Nxd5 9. Nxc6 bxc6 10. O-O Nxc3 11. bxc3 Bxc3 12. Rb1 O-O 13. Bc5 Re8 
14. Rb3 Bf6 15. Bxh7+ Kxh7 16. Qh5+ Kg8 17. Rh3 Bh4 18. Rxh4 f5 19. Rd1 Bd7 
20. Rhd4 
1-0